| 000 | 00526pab a2200169 454500 | ||
|---|---|---|---|
| 008 | 180718b2004 xxu||||| |||| 00| 0 eng d | ||
| 100 | _aOcenar, Remigio D. et al. | ||
| 245 | _aImproving the delivery of extension services in the Philippines. lessons learned and future directions | ||
| 260 | _c2004 | ||
| 300 | _ap.205-34. | ||
| 362 | _aJul | ||
| 650 | _aAgricultural extension - Philippine | ||
| 650 | _aAgricultural extension | ||
| 773 | _aPhilippine Journal of Public Administration | ||
| 908 | _aN | ||
| 909 | _a77630 | ||
| 999 |
_c77630 _d77630 |
||